| 000 | 00351 a2200133 4500 | ||
|---|---|---|---|
| 020 | _a0071125116 | ||
| 090 |
_c329 _d329 |
||
| 100 | _aLoudon, David L | ||
| 245 |
_aConsumer Behavior _bConcpts and applications _cLoudon, David L |
||
| 250 | _a4th ed. | ||
| 260 |
_aNew York _bMcGraw-Hill, Inc _c1993 |
||
| 300 | _a788 p. | ||
| 942 |
_aNBS _cBK _k658.834 LOU |
||
| 999 |
_c342898 _d342898 |
||